|
|
|
|
| LEADER |
00666nab a2200193 i 4500 |
| 001 |
acta33791 |
| 005 |
20231025135233.0 |
| 008 |
161017s1938 hu o 0|| hun d |
| 040 |
|
|
|a SZTE Egyetemi Kiadványok Repozitórium
|b hun
|
| 041 |
|
|
|a hun
|
| 100 |
1 |
|
|a Jármai Vilmos
|
| 245 |
1 |
0 |
|a Egy ismétlő óra lefolyása
|h [elektronikus dokumentum] /
|c Jármai Vilmos
|
| 260 |
|
|
|c 1938
|
| 300 |
|
|
|a 356-360
|
| 490 |
0 |
|
|a A cselekvés iskolája
|v 6
|
| 650 |
|
4 |
|a Társadalomtudományok
|
| 650 |
|
4 |
|a Oktatástudomány
|
| 695 |
|
|
|a Neveléstudomány, Pedagógia, Német nyelv tanítása
|
| 856 |
4 |
0 |
|u http://acta.bibl.u-szeged.hu/33791/1/cselekves_006_356-360.pdf
|z Dokumentum-elérés
|